000 00548 a2200157 4500
005 20250506142128.0
020 _a0-07-293794-7
082 _aLECT 302.201 MIL
100 _aMILLER, K.
245 _aCommunication Theories: Perspectives, Process, and Contexts
250 _a2nd Ed.
260 _aNew York,
_bMcGraw-Hill,
_c2005.
300 _axi, 355p,: ill,;figure, picture, table.
_bBibliography & index.
_c24cm.
856 _yAccess Online Book
_fCommunication Theories: Perspectives, Process, and Contexts
_dwww.mhhe.com/miller2
942 _2ddc
_cBKS
999 _c2044
_d2044